| Tag |
First Indicator |
Second Indicator |
Subfields |
| LEADER |
00000cam a2200000 4500 |
| 001 |
in00000050683 |
| 005 |
20151007073825.0 |
| 008 |
730105s1935 nyuaf 00010 eng u |
| 010 |
|
|
|a 35007910
|
| 035 |
|
|
|a (OCoLC)00529348
|
| 035 |
|
|
|9 AAF0450AM
|
| 040 |
|
|
|c OUN
|d TXA
|d UtOrBLW
|
| 049 |
|
|
|a TXAM
|c [118197]
|
| 050 |
|
0 |
|a QL676
|b .H62
|
| 082 |
0 |
|
|a 598.2
|
| 092 |
|
|
|a 598.2
|b H566w
|
| 100 |
1 |
|
|a Herrick, Francis Hobart,
|d 1858-1940.
|
| 245 |
1 |
0 |
|a Wild birds at home /
|c by Francis Hobart Herrick ...
|
| 264 |
|
1 |
|a New York,
|a London :
|b D. Appleton-Century company, incorporated,
|c 1935.
|
| 300 |
|
|
|a xxii pages, 1 ., 345 pages :
|b frontispiece, illustrations, plates, diagrams ;
|c 23 cm.
|
| 336 |
|
|
|a text
|b txt
|2 rdacontent
|
| 337 |
|
|
|a unmediated
|b n
|2 rdamedia
|
| 338 |
|
|
|a volume
|b nc
|2 rdacarrier
|
| 650 |
|
0 |
|a Birds.
|
| 999 |
|
|
|a MARS
|
| 999 |
f |
f |
|s f6cf7e31-2a84-3190-bd3d-762e2a83fa1c
|i 481f67b1-46c1-3580-b4d0-e2bce1ff00b6
|t 0
|
| 952 |
f |
f |
|p ric
|a Texas A&M University
|b Rellis Campus
|c Joint Library Facility
|d Remote Storage
|t 0
|e QL676 .H62
|h Library of Congress classification
|i unmediated -- volume
|m A14801021315
|
| 998 |
f |
f |
|a QL676 .H62
|t 0
|l Remote Storage
|